000 00506nam a22001817a 4500
005 20230403134350.0
008 230329b |||||||| |||| 00| 0 eng d
020 _a978-935270-703-4
041 _aeng
082 _a615.7 GUP-T
100 _aGUPTA , S.K AND SRIVASTAVA, SUSHMA
_97674
245 _aTEXT BOOK OF PHARMACOVIGLANCE -ENSURING THE SAFE USE OF MEDICINES
250 _a1st ed.
260 _bJAYPEE BROTHERS
_c2019
300 _a622;P.
650 _aPHARMACY
_xB. PHARMA
_97675
942 _cBK
999 _c8248
_d8246